000 00289nam a22001217a 4500
082 _a297.4 JAC
100 _aJackson, Paul S.J
245 _aGuided By Maneri
260 _aGujrat, India
_bGujrat Sahitya Prakash
_c2016
300 _a88
650 _aSufism- Sharafuddin Maneri
942 _cBK
999 _c20125
_d20125